000 00334nam a22001217a 4500
008 160504b xxu||||| |||| 00| 0 eng d
020 _a9780812117516
020 _a0812117514
041 _aeng
080 _a612.39
245 _aModern nutrition in health and disease:
_cMaurice E. Shils; James A. Olson; Moshe shike;
942 _2udc
_cBK
999 _c1777
_d1777